Penang International Airport Destinations (Penang, Malaysia) - Map - Statistics

General Stats
  • This quiz has been taken 30 times
  • The average score is 23 of 31
Answers on the Map
Answers color-coded by a green-red scale on the quiz's map according to % correct below.
 
Answer Stats
Destination % Correct
Singapore
96%
Doha
91%
Dubai (International)
91%
Hong Kong
91%
Chennai
87%
Chongqing
87%
Guangzhou
87%
Ho Chi Minh City
87%
Jakarta (Soekarno-Hatta)
87%
Kuala Lumpur (International)
87%
Kuala Lumpur (Subang)
87%
Surabaya
87%
Taipei (Taoyuan)
87%
Yangon
87%
Bangkok (Don Mueang)
83%
Bangkok (Suvarnabhumi)
83%
Kunming
83%
Medan
83%
Shanghai (Pudong)
83%
Xiamen
83%
Chengdu (Tianfu)
78%
Phuket
78%
Shenzhen
74%
Haikou
65%
Banda Aceh
61%
Johor Bahru
52%
Langkawi
48%
Kota Kinabalu
43%
Kuching
35%
Guiyang
22%
Kota Bharu
22%
No matching quizzes found
Score Distribution
Percent of People with Each Score
Percentile by Number Answered
Your Score History
You have not taken this quiz